Microbiología Médica / (Registro nro. 3218)
[ vista simple ]
| 000 -LEADER | |
|---|---|
| fixed length control field | 00961nam a2200277 a 4500 |
| 005 - FECHA ULTIMA MODIFICACION | |
| control field | 20241128134341.0 |
| 008 - CAMPO DE CONTROL (LIBRO) | |
| fixed length control field | 100708t2021 sp a f |||| 001 0 spa d |
| 020 ## - INTERNATIONAL STANDARD BOOK NUMBER | |
| ISBN | 9788491138082 |
| 041 ## - CODIGO DE IDIOMA | |
| Código de idioma del texto/pista de sonido o título separado | spa |
| 092 ## - SIGNATURA TOPOGRAFICA DEWEY LOCAL | |
| número de clasificación | 616.01 |
| libristica | 54 |
| sección | MUR |
| 100 1# - ENTRADA PRINCIPAL--NOMBRE PERSONAL | |
| Nombre personal | Murray, Patrick R. |
| 9 (RLIN) | 717 |
| 245 ## - TITULO PROPIAMENTE DICHO | |
| Título | Microbiología Médica / |
| Mención de responsabilidad y remanente de la transcripción de la portada | Patrick R. Murray. |
| 250 ## - MENCION DE EDICION | |
| Mención de edición | 9a ed. |
| Mención de responsabilidad relacionada con la ed. | Revisión científica Alberto Delgado-Iribarren García-Campos |
| 260 ## - PIE DE IMPRENTA | |
| Lugar de publicación, distribución, etc | Barcelona: |
| Nombre de la editorial, distribuidor, etc | Elsevier; |
| Fecha de publicación | 2021. |
| 300 ## - DESCRIPCION FISICA | |
| Extension | 854 p. |
| Otros detalles físicos | il. |
| 500 ## - NOTA GENERAL | |
| Nota general | Murray, P. R., Rosenthal, K. S. y Pfaller, M. A. (2021). Microbiología Médica. (9a ed.). Barcelona : Elsevier. |
| 653 ## - TÉRMINO INDIZADO - PALABRAS CLAVES | |
| Palabra clave | Principios generales del diagnóstico de laboratorio |
| 653 ## - TÉRMINO INDIZADO - PALABRAS CLAVES | |
| Palabra clave | Conceptos básicos de la respuesta inmunitaria |
| 653 ## - TÉRMINO INDIZADO - PALABRAS CLAVES | |
| Palabra clave | Bacteriología |
| 653 ## - TÉRMINO INDIZADO - PALABRAS CLAVES | |
| Palabra clave | Virología |
| 653 ## - TÉRMINO INDIZADO - PALABRAS CLAVES | |
| Palabra clave | Micología |
| 653 ## - TÉRMINO INDIZADO - PALABRAS CLAVES | |
| Palabra clave | Parasitología |
| 700 1# - ENTRADAS SECUNDARIAS - NOMBRE PERSONAL | |
| Nombre personal | Rosenthal, Ken S. |
| 9 (RLIN) | 718 |
| 700 1# - ENTRADAS SECUNDARIAS - NOMBRE PERSONAL | |
| Nombre personal | Pfaller, Michael A. |
| 9 (RLIN) | 719 |
| 942 ## - ADDED ENTRY ELEMENTS (KOHA) | |
| Source of classification or shelving scheme | Dewey Decimal Classification |
| Item type | Libros |
| Estado de retiro | Existencia | Fuente de clasificación | Estado general | No para prestamo | Ubicación permanente | ubicación actual | Sala de ubicación | Fecha de adquisición | Fuente de adquisición | Costo, precio normal de compra | Total Checkouts | Total Renewals | Número de clasificación | Código de barras | Date last seen | Date last borrowed | Número de ejemplar | Price effective from | Koha tipo de elemento (item) | Public note | Coded location qualifier |
|---|---|---|---|---|---|---|---|---|---|---|---|---|---|---|---|---|---|---|---|---|---|
| Dewey Decimal Classification | Biblioteca Medicina | Biblioteca Medicina | Circulación | 28/11/2024 | Compra FaCiMed Noviembre 2024 | 83699.00 | 23 | 5 | 616.01 54 MUR | 4949 | 19/05/2026 | 12/05/2026 | Ej.21 | 28/11/2024 | Libros | Compra FaCiMed Noviembre 2024. Sede Tordos. | |||||
| Dewey Decimal Classification | Biblioteca Medicina | Biblioteca Medicina | Circulación | 28/11/2024 | Compra FaCiMed Noviembre 2024 | 83699.00 | 24 | 3 | 616.01 54 MUR | 4950 | 01/06/2026 | 22/05/2026 | Ej.22 | 28/11/2024 | Libros | Compra FaCiMed Noviembre 2024. Sede Tordos. |